000 00541nam a22001817a 4500
008 151009b xxu||||| |||| 00| 0 eng d
020 _a0805846603 (case : alk. paper)
041 0 _aeng
080 _a159.9
100 1 _aHarris, Richard Jackson.
245 1 2 _aA cognitive psychology of mass communication /
_cRichard Jackson Harris.
250 _a4th ed.
260 _aMahwah, N.J. ;
_aLondon :
_bL. Erlbaum Associates,
_c2004.
300 _axx, 464 f. ;
_c24 cm.
650 0 _aPsikologji
650 0 _aKomunikimi masiv
942 _2udc
_cBK
999 _c1242
_d1242